| 000 | 00836nam a2200193 i 4500 | ||
|---|---|---|---|
| 001 | 185923 | ||
| 003 | ES-MaACL | ||
| 005 | 20251010183235.0 | ||
| 008 | 160823s1886 sp |||| | spa d | ||
| 100 | 1 |
_aOlivart, Ramón María de Dalmau, _cMarqués de, _d1861-1928 _9130617 |
|
| 245 | 1 | 0 |
_aManual de derecho internacional público y privado... : con extensas notas y un bosquejo del derecho internacional privado español / _cpor el marqués de Olivart ; y precedido de un prólogo de D. Rafael Conde y Luque. |
| 260 |
_aMadrid : _bFernando Fe, _c1886. |
||
| 300 |
_a852 p. ; _c22 cm. |
||
| 650 | 0 | 7 |
_aDerecho internacional privado _2embne _911721 |
| 650 | 0 | 7 |
_aDerecho internacional público _2embne _911723 |
| 700 | 1 |
_aConde y Luque, Rafael, _d1835-1922 _940134 |
|
| 852 |
_aES-MaACL _jG-15014 |
||
| 999 |
_c185923 _d185923 |
||